000 00797cab a2200253 4500
001 WB2823-44
008 090401t1992 xxu||||| |||| 00| 0 eng d
035 _a(Sirsi) u33162
041 _aeng
245 _aLandowners sue BR over rabbits
260 _c1992
350 _a0
490 _aBirmingham Post
_v4 June 1992, 32(1)
520 _aThe CLA is supporting a test case to be heard later in 1992 in which a Worcestershire landowner is suing BR for breach of statutory duty and compensation for crop loss, for the damage caused by rabbits.
650 _aCOMPENSATION
650 _aCOUNTRY LANDOWNERS ASSOCIATION
650 _aLOSS OF CROPS
650 _aPESTS ACT 1954
650 _aPESTS
650 _aRABBITS
690 _aRURAL PRACTICE
942 _n0
948 _c04/03/1997
999 _c22168
_d22168